000 00395 a2200145 4500
999 _c6853
_d6853
020 _a9780486270661
050 _aB358PLA1992
100 _aPlato
_eauthor
245 _aThe trial and death of Socrates :
_bfour dialogues /
_cPlato.
264 _aN.Y. :
_bDover Pubs.,
_c1992
300 _a115p. :
500 _aincludes notes
650 _a. Philosophers, Ancient.
942 _2lcc
_cBK
_h358
_iPLA
_kB